| 000 | 00794nam a22001817a 4500 | ||
|---|---|---|---|
| 999 |
_c8001 _d8001 |
||
| 003 | AR-CdUCM | ||
| 008 | 190322b ||||| |||| 00| 0 spa d | ||
| 040 |
_aMUNICIPALIDAD PROVINCIAL DEL CUSCO _cBIBLIOTECA MUNICIPAL DEL CUSCO |
||
| 082 |
_a621.8 / M63 _bM63 |
||
| 100 |
_aMiranglia, Carlos A. _922600 |
||
| 245 | _aManual universal de válvulas y reemplazos / | ||
| 260 |
_aBuenos Aires : _bGlem, _c1269. |
||
| 300 |
_a455 paginas ; _c22 cm. |
||
| 505 | _aContenido :Guía de aplicación delas válvulas electrónicas --Lista de las válvulas que han dejado de fabricarse --Manual universal de válvulas --Complemento al manual de válvulas --Equivalencia de las válvulas con códigos militares ... | ||
| 650 |
_aManual universal de válvulas _922601 |
||
| 942 |
_2ddc _cLIBROS |
||
| 945 | _arjall | ||